| 000 | 01095nam a2200217 4500 | ||
|---|---|---|---|
| 005 | 20260209152016.0 | ||
| 008 | 260209b |||||||| |||| 00| 0 eng d | ||
| 037 | _cTB | ||
| 040 |
_aCRL _cCRL |
||
| 041 |
_2hin _ahin |
||
| 084 |
_aNT44 152P4 _qCRL |
||
| 245 |
_aरंग यात्रा: _bराष्ट्रीय नाट्य विद्यालय रंगमंडल के चालीस वर्ष |
||
| 260 |
_aनई दिल्ली, भारत: _bराष्ट्रीय नाट्य विद्यालय, _c2004. |
||
| 300 | _a524पृ. | ||
| 365 |
_b350.00 _cINR |
||
| 650 |
_aललित कला _91114617 |
||
| 650 |
_aसिनेमा _91114618 |
||
| 700 |
_aशर्मा, सुरेश _eसम्पादक _91114619 |
||
| 942 |
_2CC _n0 _cTB _hNT44 152P4 |
||
| 999 |
_c1679008 _d1679008 |
||